[Event "NOR-chT Eliteserien 2021-22"]
[Site "Norway"]
[Date "2022.03.06"]
[Round "9.2"]
[White "Storme, Isak"]
[Black "Djurhuus, Rune"]
[Result "1-0"]
[WhiteElo "2352"]
[BlackElo "2403"]
[Annotator "NA"]
[PlyCount "95"]
[EventDate "2021.10.29"]
[EventType "team-tourn"]
[EventCountry "NOR"]
[SourceTitle "playchess.com"]
[Source "ChessBase"]
[SourceQuality "1"]
[TimeControl "40/5400+30:1800+30"]

1. Nf3 {[%emt 0:00:04]} Nf6 {[%emt 0:12:45]} 2. c4 {[%emt 0:00:13]} c5 {[%emt 0:00:09]} 3. Nc3 {[%emt 0:00:47]} g6 {[%emt 0:00:14]} 4. d4 {[%emt 0:03:06]} cxd4 {[%emt 0:00:09]} 5. Nxd4 {[%emt 0:00:09]} Nc6 {[%emt 0:00:06]} 6. e4 {[%emt 0:03:15]} Bg7 {[%emt 0:00:07]} 7. Be3 {[%emt 0:08:52]} d6 {[%emt 0:01:38]} 8. Be2 {[%emt 0:02:17]} O-O {[%emt 0:00:16]} 9. O-O {[%emt 0:00:11]} Nxd4 {[%emt 0:03:08]} 10. Bxd4 {[%emt 0:01:23]} Bd7 {[%emt 0:00:05]} 11. h3 {[%emt 0:12:39]} Bc6 {[%emt 0:00:24]} 12. Qc2 {[%emt 0:00:18]} e6 {[%emt 0:10:44]} 13. Rad1 {[%emt 0:10:00]} Qc7 {[%emt 0:01:06]} 14. Rd2 {[%emt 0:01:21]} a6 {[%emt 0:01:40]} 15. Rfd1 {[%emt 0:01:43]} Rfd8 {[%emt 0:06:31]} 16. Be3 {[%emt 0:16:49]} h6 {[%emt 0:15:20]} 17. Bf4 {[%emt 0:09:24]} e5 {[%emt 0:06:42]} 18. Be3 {[%emt 0:00:20]} Rac8 {[%emt 0:01:45]} 19. Qb3 {[%emt 0:03:35]} Qe7 {[%emt 0:03:49]} 20. Bd3 {[%emt 0:07:40]} Nd7 {[%emt 0:05:05]} 21. Be2 {[%emt 0:04:53]} Nc5 {[%emt 0:03:42]} 22. Bxc5 {[%emt 0:00:35]} dxc5 {[%emt 0:00:04]} 23. Nd5 {[%emt 0:01:01]} Bxd5 {[%emt 0:02:16]} 24. Rxd5 {[%emt 0:00:08]} Rxd5 {[%emt 0:02:29]} 25. Rxd5 {[%emt 0:00:09]} h5 {[%emt 0:00:49]} 26. g3 {[%emt 0:02:20]} h4 {[%emt 0:04:46]} 27. gxh4 {[%emt 0:02:42]} Qxh4 {[%emt 0:00:29]} 28. Qxb7 {[%emt 0:01:08]} Qxh3 {[%emt 0:04:54]} 29. Qxa6 {[%emt 0:00:49]} Rb8 {[%emt 0:01:19]} 30. b3 {[%emt 0:02:57]} Bh6 {[%emt 0:00:48]} 31. Rd3 {[%emt 0:01:10]} Qh4 {[%emt 0:00:28]} 32. Qd6 {[%emt 0:02:24]} Ra8 {[%emt 0:02:15]} 33. a4 {[%emt 0:01:47]} Bf4 {[%emt 0:00:52]} 34. Bf3 {[%emt 0:00:24]} Kg7 {[%emt 0:00:46]} 35. Kf1 {[%emt 0:00:36]} Qg5 {[%emt 0:04:10]} 36. Qxc5 {[%emt 0:00:37]} Bc1 {[%emt 0:01:59]} 37. a5 {[%emt 0:00:24]} Bb2 {[%emt 0:00:03]} 38. b4 {[%emt 0:00:35]} Qc1+ {[%emt 0:01:52]} 39. Rd1 {[%emt 0:00:27]} Qf4 {[%emt 0:00:04]} 40. Qe3 {[%emt 0:00:24]} Qf6 {[%emt 0:00:02]} 41. Qb3 {[%emt 0:06:31]} Rh8 {[%emt 0:01:52]} 42. Qxb2 {[%emt 0:05:25]} Qxf3 {[%emt 0:00:30]} 43. Qxe5+ {[%emt 0:00:30]} Kh7 {[%emt 0:00:30]} 44. Rd6 {[%emt 0:00:30]} Qb3 {[%emt 0:00:30]} 45. Kg2 {[%emt 0:00:30]} Qxb4 {[%emt 0:00:30]} 46. Rd1 {[%emt 0:00:30]} Qxc4 {[%emt 0:00:30]} 47. Rh1+ {[%emt 0:00:30]} Kg8 {[%emt 0:00:30]} 48. Rxh8# {[%emt 0:00:30]} 1-0

[Event "NOR-chT Eliteserien 2021-22"]
[Site "Norway"]
[Date "2022.03.06"]
[Round "9.3"]
[White "Sjoberg, Isak"]
[Black "Lindbol, Aleksander"]
[Result "0-1"]
[WhiteElo "2322"]
[BlackElo "2222"]
[Annotator "ChessBase"]
[PlyCount "80"]
[EventDate "2021.10.29"]
[EventType "team-tourn"]
[EventCountry "NOR"]
[SourceTitle "playchess.com"]
[Source "ChessBase"]
[SourceQuality "1"]
[TimeControl "40/5400+30:1800+30"]

1. e4 {[%emt 0:00:02]} c6 {[%emt 0:00:31]} 2. d4 {[%emt 0:01:00]} d5 {[%emt 1:30:59]} 3. Nc3 {[%emt 0:01:25]} dxe4 {[%emt 0:02:39]} 4. Nxe4 {[%emt 0:00:07]} Nf6 {[%emt 0:00:09]} 5. Nxf6+ {[%emt 0:00:05]} exf6 {[%emt 0:00:05]} 6. c3 {[%emt 0:01:40]} Bd6 {[%emt 0:01:17]} 7. Bd3 {[%emt 0:00:58]} O-O {[%emt 0:02:16]} 8. Qc2 {[%emt 0:00:16]} Re8+ {[%emt 0:00:17]} 9. Ne2 {[%emt 0:00:08]} h5 {[%emt 0:00:09]} 10. O-O {[%emt 0:00:10]} h4 {[%emt 0:00:33]} 11. Bf4 {[%emt 1:30:09]} Na6 {[%emt 0:00:30]} 12. Rfe1 {[%emt 0:00:07]} Nc7 {[%emt 1:27:39]} 13. h3 {[%emt 0:00:31]} Nd5 {[%emt 0:08:45]} 14. Bxd6 {[%emt 0:11:30]} Qxd6 {[%emt 0:00:09]} 15. Ng3 {[%emt 0:04:44]} Be6 {[%emt 0:09:57]} 16. Ne4 {[%emt 0:04:40]} Qc7 {[%emt 0:02:03]} 17. Nc5 {[%emt 0:04:41]} Nf4 {[%emt 0:02:14]} 18. Bh7+ {[%emt 1:07:14]} Kh8 {[%emt 0:03:42]} 19. Bf5 {[%emt 0:10:40]} Bd5 {[%emt 0:07:36]} 20. Be4 {[%emt 0:08:00]} b6 {[%emt 0:14:52]} 21. Na6 {[%emt 0:03:42]} Qe7 {[%emt 0:15:37]} 22. Bxd5 {[%emt 0:08:04]} Qxe1+ {[%emt 0:00:52]} 23. Rxe1 {[%emt 0:00:05]} Rxe1+ {[%emt 0:00:04]} 24. Kh2 {[%emt 0:00:10]} Nxd5 {[%emt 0:00:49]} 25. c4 {[%emt 0:00:38]} Ne7 {[%emt 0:01:28]} 26. Qd2 {[%emt 0:05:11]} Ra1 {[%emt 0:02:30]} 27. Qe2 {[%emt 0:01:25]} Ng6 {[%emt 0:02:01]} 28. Nb4 {[%emt 0:02:21]} c5 {[%emt 0:06:57]} 29. dxc5 {[%emt 0:05:21]} bxc5 {[%emt 0:00:05]} 30. Qh5+ {[%emt 0:03:08]} Kg8 {[%emt 0:00:05]} 31. Qxc5 {[%emt 0:00:04]} Re8 {[%emt 0:03:05]} 32. Nd3 {[%emt 0:01:55]} Rd1 {[%emt 0:02:28]} 33. Qa3 {[%emt 0:00:52]} Rd8 {[%emt 0:02:37]} 34. Nb4 {[%emt 0:05:16]} R8d2 {[%emt 0:02:28]} 35. Qf3 {[%emt 0:00:21]} Rf1 {[%emt 0:02:41]} 36. Nd3 {[%emt 0:00:33]} Rdd1 {[%emt 0:01:00]} 37. g3 {[%emt 0:00:59]} hxg3+ {[%emt 0:00:23]} 38. Kxg3 {[%emt 0:00:06]} Rg1+ {[%emt 0:00:56]} 39. Kh2 {[%emt 0:00:04]} f5 {[%emt 0:01:20]} 40. b3 {[%emt 0:08:41]} Nh4 {[%emt 0:00:34]} 0-1

[Event "NOR-chT Eliteserien 2021-22"]
[Site "Norway"]
[Date "2022.03.06"]
[Round "9.4"]
[White "Kjolberg, Jens Hjorth"]
[Black "Tryggestad, Andreas Garberg"]
[Result "1-0"]
[WhiteElo "2154"]
[BlackElo "2273"]
[Annotator "NA"]
[PlyCount "71"]
[EventDate "2021.10.29"]
[EventType "team-tourn"]
[EventCountry "NOR"]
[SourceTitle "playchess.com"]
[Source "ChessBase"]
[SourceQuality "1"]
[TimeControl "40/5400+30:1800+30"]

1. e4 {[%emt 0:01:08]} c5 {[%emt 0:00:05]} 2. Nf3 {[%emt 0:00:16]} e6 {[%emt 0:00:06]} 3. c3 {[%emt 0:00:21]} d5 {[%emt 0:01:19]} 4. e5 {[%emt 0:00:06]} Nc6 {[%emt 0:01:05]} 5. d4 {[%emt 0:00:21]} Qb6 {[%emt 0:00:11]} 6. Bd3 {[%emt 0:02:02]} cxd4 {[%emt 0:02:32]} 7. O-O {[%emt 0:01:52]} Bd7 {[%emt 0:03:12]} 8. Re1 {[%emt 0:07:42]} dxc3 {[%emt 0:02:31]} 9. bxc3 {[%emt 0:00:46]} Bc5 {[%emt 0:00:22]} 10. Qe2 {[%emt 0:03:45]} Nge7 {[%emt 0:02:34]} 11. Nbd2 {[%emt 0:02:49]} Nf5 {[%emt 0:02:33]} 12. Nb3 {[%emt 0:04:38]} Be7 {[%emt 0:01:17]} 13. Rb1 {[%emt 0:13:52]} Qc7 {[%emt 0:00:38]} 14. Bf4 {[%emt 0:12:22]} Qc8 {[%emt 0:02:03]} 15. g4 {[%emt 0:05:04]} Nh6 {[%emt 0:01:59]} 16. h3 {[%emt 0:00:59]} Ng8 {[%emt 0:03:54]} 17. c4 {[%emt 0:05:01]} dxc4 {[%emt 0:05:55]} 18. Bxc4 {[%emt 0:00:33]} Bb4 {[%emt 0:00:38]} 19. Red1 {[%emt 0:06:09]} Nge7 {[%emt 0:00:13]} 20. Qd3 {[%emt 0:04:18]} Nd5 {[%emt 0:06:03]} 21. Bxd5 {[%emt 0:00:54]} exd5 {[%emt 0:00:02]} 22. Nbd4 {[%emt 0:02:43]} Be7 {[%emt 0:02:13]} 23. Nf5 {[%emt 0:06:28]} O-O {[%emt 0:06:01]} 24. Rdc1 {[%emt 0:02:34]} Bxf5 {[%emt 0:04:51]} 25. gxf5 {[%emt 0:02:08]} Qd7 {[%emt 0:00:13]} 26. Kh2 {[%emt 0:02:50]} Kh8 {[%emt 0:10:49]} 27. Rg1 {[%emt 0:00:31]} Rg8 {[%emt 0:00:02]} 28. Rg4 {[%emt 0:01:10]} Rac8 {[%emt 0:02:07]} 29. a3 {[%emt 0:04:39]} d4 {[%emt 0:02:31]} 30. Rbg1 {[%emt 0:01:11]} Qd5 {[%emt 0:00:21]} 31. f6 {[%emt 0:00:55]} g6 {[%emt 0:07:06]} 32. fxe7 {[%emt 0:00:04]} Nxe7 {[%emt 0:00:02]} 33. Bg5 {[%emt 0:02:32]} Rc3 {[%emt 0:01:38]} 34. Bf6+ {[%emt 0:01:07]} Rg7 {[%emt 0:00:02]} 35. Qxd4 {[%emt 0:01:18]} Qxf3 {[%emt 0:02:14]} 36. R4g3 {[%emt 0:01:22]} 1-0

[Event "NOR-chT Eliteserien 2021-22"]
[Site "Norway"]
[Date "2022.03.06"]
[Round "9.5"]
[White "Torngren, Gustav"]
[Black "Dahl, Max"]
[Result "1/2-1/2"]
[WhiteElo "2229"]
[BlackElo "2038"]
[Annotator "ChessBase"]
[PlyCount "39"]
[EventDate "2021.10.29"]
[EventType "team-tourn"]
[EventCountry "NOR"]
[SourceTitle "playchess.com"]
[Source "ChessBase"]
[SourceQuality "1"]
[TimeControl "40/5400+30:1800+30"]

1. Nf3 {[%emt 0:00:08]} d5 {[%emt 0:00:29]} 2. d4 {[%emt 0:00:02]} Nf6 {[%emt 0:00:29]} 3. c4 {[%emt 0:00:16]} e6 {[%emt 0:00:37]} 4. g3 {[%emt 0:00:14]} Be7 {[%emt 0:07:12]} 5. Qc2 {[%emt 0:00:43]} O-O {[%emt 0:01:19]} 6. Bg2 {[%emt 0:00:15]} c6 {[%emt 0:00:54]} 7. O-O {[%emt 0:01:42]} b6 {[%emt 0:03:54]} 8. b3 {[%emt 1:31:10]} Nbd7 {[%emt 0:04:02]} 9. Bb2 {[%emt 0:04:26]} Bb7 {[%emt 0:03:54]} 10. Nc3 {[%emt 0:00:10]} Rc8 {[%emt 0:03:45]} 11. e4 {[%emt 0:00:39]} dxe4 {[%emt 0:03:54]} 12. Nxe4 {[%emt 0:00:56]} Nxe4 {[%emt 0:11:05]} 13. Qxe4 {[%emt 0:00:03]} Nf6 {[%emt 0:00:38]} 14. Qe2 {[%emt 1:23:04]} c5 {[%emt 0:04:14]} 15. Rad1 {[%emt 0:01:06]} cxd4 {[%emt 0:06:44]} 16. Nxd4 {[%emt 0:05:01]} Bxg2 {[%emt 0:03:19]} 17. Kxg2 {[%emt 0:00:02]} Qc7 {[%emt 0:00:35]} 18. Nb5 {[%emt 0:01:28]} Qb7+ {[%emt 0:05:01]} 19. Qf3 {[%emt 0:00:24]} Qxf3+ {[%emt 0:01:03]} 20. Kxf3 {[%emt 0:00:02]} 1/2-1/2

[Event "NOR-chT Eliteserien 2021-22"]
[Site "Norway"]
[Date "2022.03.06"]
[Round "9.6"]
[White "Loveid, Erik"]
[Black "Nordquelle, Daniel"]
[Result "0-1"]
[WhiteElo "1817"]
[BlackElo "2130"]
[Annotator "NA"]
[PlyCount "76"]
[EventDate "2021.10.29"]
[EventType "team-tourn"]
[EventCountry "NOR"]
[SourceTitle "playchess.com"]
[Source "ChessBase"]
[SourceQuality "1"]
[TimeControl "40/5400+30:1800+30"]

1. d4 {[%emt 0:00:57]} d5 {[%emt 0:00:08]} 2. c4 {[%emt 0:00:40]} e6 {[%emt 0:00:05]} 3. Nf3 {[%emt 0:00:06]} Bb4+ {[%emt 0:02:33]} 4. Nc3 {[%emt 0:00:29]} dxc4 {[%emt 0:00:10]} 5. Qa4+ {[%emt 0:03:26]} Nc6 {[%emt 0:00:34]} 6. a3 {[%emt 0:00:31]} Bxc3+ {[%emt 0:00:36]} 7. bxc3 {[%emt 0:00:13]} Qd5 {[%emt 0:00:04]} 8. Bf4 {[%emt 0:04:36]} b5 {[%emt 0:01:39]} 9. Qc2 {[%emt 0:00:12]} Bb7 {[%emt 0:09:05]} 10. Bxc7 {[%emt 0:01:10]} Nf6 {[%emt 0:01:02]} 11. e3 {[%emt 0:01:09]} O-O {[%emt 0:01:26]} 12. Be2 {[%emt 0:01:09]} Rfc8 {[%emt 0:06:50]} 13. Bg3 {[%emt 0:00:10]} Na5 {[%emt 0:00:24]} 14. O-O {[%emt 0:05:50]} Nb3 {[%emt 0:00:46]} 15. Ra2 {[%emt 0:01:15]} Ne4 {[%emt 0:04:32]} 16. Rd1 {[%emt 0:00:37]} a5 {[%emt 0:34:05]} 17. Ne1 {[%emt 0:01:59]} Qf5 {[%emt 0:02:35]} 18. f3 {[%emt 0:01:41]} Nxg3 {[%emt 0:00:53]} 19. hxg3 {[%emt 0:00:10]} Qg5 {[%emt 0:00:41]} 20. Kf2 {[%emt 0:00:56]} e5 {[%emt 0:09:35]} 21. f4 {[%emt 0:05:00]} exf4 {[%emt 0:00:27]} 22. exf4 {[%emt 0:00:06]} Qe7 {[%emt 0:02:45]} 23. Bf3 {[%emt 0:01:27]} b4 {[%emt 0:04:21]} 24. axb4 {[%emt 0:00:57]} axb4 {[%emt 0:00:09]} 25. Rxa8 {[%emt 0:00:21]} Bxa8 {[%emt 0:01:01]} 26. Qf5 {[%emt 0:24:33]} Re8 {[%emt 0:01:16]} 27. Qe5 {[%emt 0:14:28]} Qd7 {[%emt 0:00:17]} 28. Bg4 {[%emt 0:02:36]} Rxe5 {[%emt 0:03:53]} 29. Bxd7 {[%emt 0:00:15]} Rd5 {[%emt 0:00:10]} 30. Bg4 {[%emt 0:01:17]} bxc3 {[%emt 0:00:08]} 31. Nc2 {[%emt 0:00:18]} Ra5 {[%emt 0:01:11]} 32. Ke3 {[%emt 0:01:49]} Ra2 {[%emt 0:01:38]} 33. Nb4 {[%emt 0:02:15]} Rxg2 {[%emt 0:00:30]} 34. d5 {[%emt 0:00:14]} Rxg3+ {[%emt 0:04:04]} 35. Bf3 {[%emt 0:03:19]} Nd2 {[%emt 0:02:26]} 36. d6 {[%emt 0:01:21]} Rxf3+ {[%emt 0:01:12]} 37. Kd4 {[%emt 0:00:26]} Rxf4+ {[%emt 0:02:18]} 38. Kxc3 {[%emt 0:00:21]} Ne4+ {[%emt 0:00:05]} 0-1

[Event "NOR-chT Eliteserien 2021-22"]
[Site "Norway"]
[Date "2022.03.06"]
[Round "9.7"]
[White "Sagafos, Magne"]
[Black "Miezis, Normunds"]
[Result "0-1"]
[WhiteElo "2386"]
[BlackElo "2445"]
[Annotator "ChessBase"]
[PlyCount "26"]
[EventDate "2021.10.29"]
[EventType "team-tourn"]
[EventCountry "NOR"]
[SourceTitle "playchess.com"]
[Source "ChessBase"]
[SourceQuality "1"]
[TimeControl "40/5400+30:1800+30"]

1. d4 {[%emt 0:03:46]} Nf6 {[%emt 0:00:21]} 2. Nf3 {[%emt 0:00:13]} e6 {[%emt 0:01:14]} 3. Bf4 {[%emt 0:00:23]} d5 {[%emt 0:06:08]} 4. e3 {[%emt 1:28:08]} Bd6 {[%emt 0:00:54]} 5. Bg3 {[%emt 0:00:24]} Ne4 {[%emt 0:02:14]} 6. Nbd2 {[%emt 0:09:24]} f5 {[%emt 0:03:49]} 7. Nxe4 {[%emt 0:06:15]} fxe4 {[%emt 0:00:33]} 8. Ne5 {[%emt 0:02:34]} O-O {[%emt 1:19:17]} 9. f3 {[%emt 1:11:42]} Nc6 {[%emt 0:22:53]} 10. fxe4 {[%emt 0:12:14]} Bxe5 {[%emt 0:07:38]} 11. dxe5 {[%emt 0:00:12]} dxe4 {[%emt 0:01:31]} 12. Qd3 {[%emt 0:52:35]} Qd7 13. Qxd7 {[%emt 0:00:00]} Rd8 {[%emt 0:02:00]} 0-1

[Event "NOR-chT Eliteserien 2021-22"]
[Site "Norway"]
[Date "2022.03.06"]
[Round "9.8"]
[White "Ostenstad, Berge"]
[Black "Byklum, Bjornar"]
[Result "1-0"]
[WhiteElo "2455"]
[BlackElo "2318"]
[Annotator "ChessBase"]
[PlyCount "84"]
[EventDate "2021.10.29"]
[EventType "team-tourn"]
[EventCountry "NOR"]
[SourceTitle "playchess.com"]
[Source "ChessBase"]
[SourceQuality "1"]
[TimeControl "40/5400+30:1800+30"]

1. d4 {[%emt 0:00:03]} Nf6 {[%emt 0:00:22]} 2. c4 {[%emt 0:00:11]} e6 {[%emt 0:00:08]} 3. Nc3 {[%emt 0:00:35]} Bb4 {[%emt 0:00:08]} 4. Qc2 {[%emt 0:00:07]} d5 {[%emt 0:00:11]} 5. cxd5 {[%emt 0:00:22]} exd5 {[%emt 0:00:09]} 6. Bg5 {[%emt 0:00:32]} h6 {[%emt 0:04:08]} 7. Bxf6 {[%emt 0:00:29]} Qxf6 {[%emt 0:00:10]} 8. a3 {[%emt 0:00:13]} Bxc3+ {[%emt 0:01:09]} 9. Qxc3 {[%emt 0:00:09]} c6 {[%emt 0:02:27]} 10. e3 {[%emt 0:01:22]} O-O {[%emt 0:00:29]} 11. Nf3 {[%emt 0:00:46]} Re8 {[%emt 0:06:16]} 12. b4 {[%emt 0:06:14]} a6 {[%emt 0:11:14]} 13. Be2 {[%emt 0:02:35]} Bg4 {[%emt 0:02:01]} 14. O-O {[%emt 0:00:33]} Bxf3 {[%emt 0:12:54]} 15. Bxf3 {[%emt 0:00:22]} Nd7 {[%emt 0:56:14]} 16. Rfc1 {[%emt 1:23:57]} Nb6 {[%emt 0:01:37]} 17. a4 {[%emt 0:06:17]} Qe6 {[%emt 0:12:53]} 18. Be2 {[%emt 0:08:22]} Rec8 {[%emt 0:01:51]} 19. g3 {[%emt 1:06:17]} g6 {[%emt 0:05:32]} 20. Qb3 {[%emt 0:00:55]} h5 {[%emt 0:12:59]} 21. h4 {[%emt 0:00:50]} Kg7 {[%emt 0:02:33]} 22. Rc2 {[%emt 0:03:55]} Qf5 {[%emt 0:22:14]} 23. Kg2 {[%emt 0:51:22]} Qe4+ {[%emt 0:01:15]} 24. Bf3 {[%emt 0:00:00]} Qf5 {[%emt 0:00:32]} 25. Re1 {[%emt 0:00:00]} Qd7 {[%emt 0:05:35]} 26. Be2 {[%emt 0:00:00]} Qf5 {[%emt 0:00:28]} 27. Bd3 {[%emt 0:00:00]} Qf6 {[%emt 0:01:11]} 28. Rec1 {[%emt 0:00:00]} Rh8 {[%emt 0:00:59]} 29. b5 {[%emt 0:00:00]} cxb5 {[%emt 0:00:06]} 30. axb5 {[%emt 0:00:00]} a5 {[%emt 0:00:13]} 31. Rc7 {[%emt 0:00:00]} Rab8 {[%emt 0:03:19]} 32. Qa3 {[%emt 0:00:00]} a4 {[%emt 0:00:10]} 33. Qb4 {[%emt 0:00:00]} Rhe8 {[%emt 0:06:24]} 34. Be2 {[%emt 0:00:00]} Re6 {[%emt 0:01:55]} 35. Bf3 {[%emt 0:00:00]} Qf5 {[%emt 0:01:09]} 36. Be2 {[%emt 0:00:00]} Qe4+ {[%emt 0:00:25]} 37. Kg1 {[%emt 0:00:00]} g5 {[%emt 0:00:06]} 38. Bxh5 {[%emt 0:00:00]} Rf8 {[%emt 0:02:45]} 39. hxg5 {[%emt 0:00:00]} Qf5 {[%emt 0:00:46]} 40. Re7 {[%emt 0:02:06]} Qxg5 {[%emt 0:00:40]} 41. Rxe6 {[%emt 0:33:13]} fxe6 {[%emt 0:31:28]} 42. Rc7+ {[%emt 0:00:00]} Kg8 {[%emt 0:00:08]} 1-0

[Event "NOR-chT Eliteserien 2021-22"]
[Site "Norway"]
[Date "2022.03.06"]
[Round "9.9"]
[White "Leer-Helgesen, Bjarte"]
[Black "Haubro, Martin"]
[Result "1/2-1/2"]
[WhiteElo "2352"]
[BlackElo "2399"]
[Annotator "ChessBase"]
[PlyCount "89"]
[EventDate "2021.10.29"]
[EventType "team-tourn"]
[EventCountry "NOR"]
[SourceTitle "playchess.com"]
[Source "ChessBase"]
[SourceQuality "1"]
[TimeControl "40/5400+30:1800+30"]

1. c4 {[%emt 0:00:35]} e5 {[%emt 0:00:04]} 2. g3 {[%emt 0:00:11]} Nc6 {[%emt 0:00:06]} 3. Bg2 {[%emt 0:00:17]} Bc5 {[%emt 0:00:20]} 4. Nc3 {[%emt 0:00:45]} a6 {[%emt 0:00:44]} 5. e3 {[%emt 0:03:16]} d6 {[%emt 0:00:05]} 6. Nge2 {[%emt 0:02:23]} Ba7 {[%emt 0:00:24]} 7. d4 {[%emt 0:03:26]} h5 {[%emt 0:02:11]} 8. b4 {[%emt 0:02:23]} h4 {[%emt 0:07:17]} 9. b5 {[%emt 0:03:26]} axb5 {[%emt 0:00:16]} 10. cxb5 {[%emt 0:01:04]} Nce7 {[%emt 0:01:47]} 11. dxe5 {[%emt 0:02:21]} h3 {[%emt 0:01:06]} 12. Bf3 {[%emt 0:08:13]} dxe5 {[%emt 0:02:04]} 13. Qxd8+ {[%emt 0:01:00]} Kxd8 {[%emt 0:00:05]} 14. O-O {[%emt 0:04:45]} Bb6 {[%emt 0:05:30]} 15. a4 {[%emt 0:09:30]} c6 {[%emt 0:37:24]} 16. Rd1+ {[%emt 0:04:56]} Ke8 {[%emt 0:10:09]} 17. bxc6 {[%emt 0:08:42]} bxc6 {[%emt 0:00:12]} 18. Ba3 {[%emt 0:14:42]} Bc7 {[%emt 0:03:34]} 19. Nb5 {[%emt 0:03:48]} Bb8 {[%emt 0:00:46]} 20. Bd6 {[%emt 0:09:26]} f5 {[%emt 0:07:54]} 21. Bxb8 {[%emt 0:03:40]} Rxb8 {[%emt 0:00:09]} 22. Nd6+ {[%emt 0:00:34]} Kf8 {[%emt 0:00:07]} 23. e4 {[%emt 0:01:44]} g6 {[%emt 0:10:04]} 24. Nxc8 {[%emt 0:01:27]} Rxc8 {[%emt 0:00:07]} 25. a5 {[%emt 0:00:11]} Nf6 {[%emt 0:00:30]} 26. Nc3 {[%emt 0:00:36]} Kf7 {[%emt 0:00:26]} 27. a6 {[%emt 0:01:14]} Rc7 {[%emt 0:00:19]} 28. Ra5 {[%emt 0:04:20]} Ra8 {[%emt 0:03:48]} 29. Be2 {[%emt 0:01:17]} fxe4 {[%emt 0:01:23]} 30. Rxe5 {[%emt 0:00:42]} Ned5 {[%emt 0:00:13]} 31. Bc4 {[%emt 0:01:22]} Kg7 {[%emt 0:02:14]} 32. Na4 {[%emt 0:02:08]} Rb8 {[%emt 0:02:55]} 33. Nc5 {[%emt 0:00:21]} Ra7 {[%emt 0:00:40]} 34. Rc1 {[%emt 0:01:26]} e3 {[%emt 0:01:00]} 35. fxe3 {[%emt 0:00:43]} Rb2 {[%emt 0:01:00]} 36. Ne6+ {[%emt 0:00:47]} Kh6 {[%emt 0:00:11]} 37. Bf1 {[%emt 0:00:46]} Ng4 {[%emt 0:00:09]} 38. Re4 {[%emt 0:00:14]} Ndf6 {[%emt 0:01:09]} 39. Rf4 {[%emt 0:00:17]} g5 {[%emt 0:00:29]} 40. Rf5 {[%emt 0:00:50]} Rxa6 {[%emt 0:00:52]} 41. Nxg5 {[%emt 0:01:12]} Kg6 {[%emt 0:30:30]} 42. Nxh3 {[%emt 0:00:30]} Kxf5 {[%emt 0:00:30]} 43. Bxa6 {[%emt 0:00:30]} Nxh2 {[%emt 0:00:30]} 44. Nf2 {[%emt 0:00:30]} Nf3+ {[%emt 0:00:30]} 45. Kg2 {[%emt 0:00:30]} 1/2-1/2

[Event "NOR-chT Eliteserien 2021-22"]
[Site "Norway"]
[Date "2022.03.06"]
[Round "9.10"]
[White "Tisdall, Jonathan D"]
[Black "Astrup, Kim Chr."]
[Result "1/2-1/2"]
[WhiteElo "2414"]
[BlackElo "2224"]
[Annotator "NA"]
[PlyCount "46"]
[EventDate "2021.10.29"]
[EventType "team-tourn"]
[EventCountry "NOR"]
[SourceTitle "playchess.com"]
[Source "ChessBase"]
[SourceQuality "1"]
[TimeControl "40/5400+30:1800+30"]

1. c4 {[%emt 0:00:10]} e6 {[%emt 0:07:20]} 2. Nc3 {[%emt 0:00:31]} d5 {[%emt 0:00:18]} 3. cxd5 {[%emt 0:00:30]} exd5 {[%emt 0:00:10]} 4. d4 {[%emt 0:00:03]} c6 {[%emt 0:01:25]} 5. Bf4 {[%emt 0:02:51]} Bf5 {[%emt 0:02:29]} 6. e3 {[%emt 0:01:00]} Nf6 {[%emt 0:02:44]} 7. Bd3 {[%emt 0:09:09]} Bxd3 {[%emt 0:00:40]} 8. Qxd3 {[%emt 0:00:01]} Bd6 {[%emt 0:01:09]} 9. Bg5 {[%emt 0:05:08]} O-O {[%emt 0:03:19]} 10. Nf3 {[%emt 0:00:07]} Nbd7 {[%emt 0:01:23]} 11. O-O {[%emt 0:00:55]} h6 {[%emt 0:02:26]} 12. Bh4 {[%emt 0:01:14]} Re8 {[%emt 0:01:11]} 13. Nd2 {[%emt 0:04:47]} Qc7 {[%emt 0:09:56]} 14. Bg3 {[%emt 0:08:56]} Bxg3 {[%emt 0:01:54]} 15. hxg3 {[%emt 0:02:21]} Re6 {[%emt 0:02:48]} 16. b4 {[%emt 0:01:16]} Qd6 {[%emt 0:03:12]} 17. Rab1 {[%emt 0:04:36]} b5 {[%emt 0:00:52]} 18. a4 {[%emt 0:08:34]} a6 {[%emt 0:00:33]} 19. e4 {[%emt 0:10:56]} dxe4 {[%emt 0:01:34]} 20. Ndxe4 {[%emt 0:00:04]} Nxe4 {[%emt 0:04:56]} 21. Nxe4 {[%emt 0:00:03]} Qe7 {[%emt 0:01:32]} 22. Nc5 {[%emt 0:01:53]} Nxc5 {[%emt 0:01:55]} 23. dxc5 {[%emt 0:00:04]} Rd8 {[%emt 0:00:53]} 1/2-1/2